000
00344nam a2200133Ia 4500
008
100328s9999 xx 000 0 und d
082
_b
47720
100
_a
मुजावर बशीर
245
_a
वर्तुळ
260
_b
साहेबजी
630
_a
वर्तुळ
730
_a
वर्तुळ
942
_c
BOOK
999
_c
535455
_d
535452